LEADER 01253nam a2200289 i 4500 001 000000175372 003 CaOOAMICUS 005 20090220000000.0 008 090220s1976 fr u000 u fre u 013 $a152849 020 $a0-88502-148-7 040 $aSeMil$bita 100 1 $aCusson, Gilles,$c.$0(OLS)http://semarc/name/89994 245 10$aPédagogie de l'expérience spirituelle personnelle :$bBible et exercices spirituels /$cGilles Cusson. 250 $a2. éd. 260 $aMontréal :$bBellarmin,$c1976. 260 $aParis ; Bruges :$bDesclée de Brouwer,$c1976. 300 $a427 p. ;$c21 cm. 500 $aDono di don Romano Martinelli. 650 4$aSpiritualità.$0(OLS)http://semarc/subject/5428 850 $aSeMil 852 $aSeMil$W1$xVenegono$y1$m2C III 560$j126195$B126195$CSeMilBibl$Z2$F139937 $81 961 $aOmaggio: Martinelli don Romano 996 $6020$a0-88502-148-7$9(OLS)http://semarc/number/163590 996 $6245$aPédagogie de l'expérience spirituelle personnelle :$bBible et exercices spirituels$9(OLS)http://semarc/title/251515 996 $6260$aParis ; Bruges :$bDesclée de Brouwer$9(OLS)http://semarc/publisher/32352 996 $6260$aMontréal :$bBellarmin$9(OLS)http://semarc/publisher/32274 LEADER 01287nam a2200289 4500 001 000000344375 003 CaOOAMICUS 005 20210219120759.0 008 210219s2016 it 000 u ita r 020 $a978-88-215-9919-4 040 $aSeMil$bita 100 1 $aTuroldo, David Maria,$c.$0(OLS)http://semarc/name/2700 245 12$aI Salmi :$bversione poetica /$cDavid Maria Turoldo. 264 1$aCinisello Balsamo :$bSan Paolo,$c2016. 300 $a469 p. ;$c21 cm 490 1 $aBiblioteca Turoldo ;$v5 490 1 $aDimensioni dello Spirito ;$v331 650 4$aPreghiera - Salmi.$0(OLS)http://semarc/subject/50001 650 4$aTuroldo, David Maria - Opere poetiche.$0(OLS)http://semarc/subject/10876 830 0$aBiblioteca Turoldo ;$v5.$0(OLS)http://semarc/title/433463 830 0$aDimensioni dello spirito ;$v331.$0(OLS)http://semarc/title/428593 850 $aSeMil 852 $aSeMil$W1$xVenegono$y1$m3F II 1026$j224644$B235392$CSeMilBibl$Z2$F235392 $81 996 $6020$a978-88-215-9919-4$9(OLS)http://semarc/number/292413 996 $6245$aI Salmi :$bversione poetica$9(OLS)http://semarc/title/433470 996 $6264$aCinisello Balsamo :$bSan Paolo$9(OLS)http://semarc/publisher/30129